El estrés de los profesores (Record no. 120630)

MARC details
000 -LEADER
campo de control de longitud fija 00586nam a2200169 4500
001 - NÚMERO DE CONTROL
campo de control 120630
003 - IDENTIFICADOR DE NÚMERO DE CONTROL
campo de control ES-MaACL
005 - FECHA Y HORA DE LA ÚLTIMA TRANSACCIÓN
campo de control 20230906191605.0
007 - CAMPO FIJO DE DESCRIPCIÓN FÍSICA--INFORMACIÓN GENERAL
campo de control de longitud fija t|
008 - DATOS DE LONGITUD FIJA--INFORMACIÓN GENERAL
campo de control de longitud fija 070214s1982 sp r ||||1| spa d
100 1# - ENTRADA PRINCIPAL--NOMBRE DE PERSONA
Nombre de persona Polaino-Lorente, A.
9 (RLIN) 92796
245 13 - MENCIÓN DEL TÍTULO
Título El estrés de los profesores
Resto del título : estrategias psicológicas de intervención para su manejo y control /
Mención de responsabilidad, etc. A. Polaino-Lorente.
260 ## - PUBLICACIÓN, DISTRIBUCIÓN, ETC.
Lugar de publicación, distribución, etc. [s.l.] :
Nombre del editor, distribuidor, etc. [s.n.],
Fecha de publicación, distribución, etc. 1982.
300 ## - DESCRIPCIÓN FÍSICA
Extensión 15 h. ;
Dimensiones 24 cm.
500 ## - NOTA GENERAL
Nota general Es tirada aparte de `Revista Española de Pedagogía`, nº 157, 1982.
852 ## - LOCALIZACIÓN
Ubicación ES-MaACL
Número de control de estantería 2130-F-1
Sublocalización o colección R.105945
Holdings
Estatus retirado Estado de pérdida Estado de daño No para préstamo Colección Biblioteca de origen Biblioteca actual Ubicación en estantería Fecha de adquisición Fuente de adquisición Total de préstamos Signatura topográfica completa Código de barras Visto por última vez Precio de reemplazo Tipo de ítem Koha
        Colección de folletos Biblioteca del Ateneo de Madrid Biblioteca del Ateneo de Madrid Depósito folletos 17/01/2008     2130-F-1 1125737 23/02/2023 23/02/2023 Folleto